Country Abbreviations - Statistics

General Stats
  • This quiz has been taken 741 times
    736 since last reset
  • The average score is 19 of 27
Answer Stats
Hint Answer % Correct
Kingdom
100%
U.K United
100%
U.S.A United
100%
(of) America
99%
States
99%
D.R.C Democratic
85%
(of the) Congo
85%
Republic
85%
(of) Soviet
80%
of
75%
R.O.C Republic
75%
Republic
72%
D.P.R.K Democratic
71%
African
69%
C.A.R Central
69%
Republic
67%
U.S.S.R Union
64%
of
62%
(of) Korea
61%
People's
58%
China
56%
Republic
55%
Socialist
53%
Macedonia
48%
Republics
45%
F.Y.R.O.M Former
41%
Yugoslav
41%
No matching quizzes found
Score Distribution
Percent of People with Each Score
Percentile by Number Answered
Your Score History
You have not taken this quiz since the last reset